Bandes dessinées A-Z par image - Statistiques

Statistiques générales
  • Ce quiz a été pris 552 fois
  • Le résultat moyen est 13 sur 26
Statistiques - réponses
Par images Hint Réponse % Correct
A Astérix
100%
G Gaston Lagaffe
94%
C Cédric
91%
E L'Élève Ducobu
86%
D La dynastie Donald Duck : intégrale
82%
S Les Schtroumpfs
82%
K Kid Paddle
74%
P Les Profs
72%
R Rick et Morty
71%
I Il était une fois la vie
57%
T Les Tuniques bleues
54%
B Blake et Mortimer
50%
U Ulysse 31
48%
L Les Légendaires
47%
F Felix le chat
46%
N N.E.O.
39%
M Mafalda
36%
V Valérian et Laureline
33%
X XIII
25%
Y Yoko Tsuno
25%
W Walking Dead
20%
Z Zombillénium
18%
J Jojo
16%
H La Horde du Contrevent
6%
Q La Quête d'Ewilan
3%
O Orgueil et préjugés
2%
Aucun quiz correspondant
Distribution des résultats
% des personnes avec chaque résultat
Percentile par nombre de réponses
Votre historique - résultats
Vous n’avez pas pris ce quiz